Королева Виктория (Запись № 931112)

Подробности
000 -МАРКЕР
контрольное поле 02267nam0a2200397 4500
001 - ИДЕНТИФИКАТОР ЗАПИСИ
контрольное поле RU\NLR\bibl\1072542
005 - ИДЕНТИФИКАТОР ВЕРСИИ
контрольное поле 20260406055130.0
010 ## - МЕЖДУНАРОДНЫЙ СТАНДАРТНЫЙ НОМЕР КНИГИ (ISBN)
Номер (ISBN) 978-5-235-02973-6
Тираж 5000
021 ## - НОМЕР ГОСУДАРСТВЕННОЙ РЕГИСТРАЦИИ
Код страны Российская Федерация
Номер 2007-13296
Номер Листа государственной регистраци 708
035 ## - ДРУГИЕ СИСТЕМНЫЕ НОМЕРА
Идентификатор записи (NLR Aleph) 001059766
035 ## - ДРУГИЕ СИСТЕМНЫЕ НОМЕРА
Идентификатор записи (nilc)RSL-KNO-003072442
100 ## - ДАННЫЕ ОБЩЕЙ ОБРАБОТКИ
Данные общей обработки 20070306d2007 |||y0rusy50 ca
101 1# - ЯЗЫК РЕСУРСА
Язык текста, звукозаписи и т.д. русский
Язык оригинала французский
102 ## - СТРАНА ПУБЛИКАЦИИ ИЛИ ПРОИЗВОДСТВА
Страна публикации Российская Федерация
105 ## - ПОЛЕ КОДИРОВАННЫХ ДАННЫХ: ТЕКСТОВЫЕ МАТЕРИАЛЫ, МОНОГРАФИЧЕСКИЕ
Кодированные данные о монографическом текстовом документе a zzzz|||||
106 ## - ПОЛЕ КОДИРОВАННЫХ ДАННЫХ: ТЕКСТОВЫЕ РЕСУРСЫ – ФОРМА
Форма ресурса: кодированные данные: обозначение носителя r
200 1# - ЗАГЛАВИЕ И СВЕДЕНИЯ ОБ ОТВЕТСТВЕННОСТИ
Основное заглавие Королева Виктория
Первые сведения об ответственности Филипп Александр, Беатрис де Л'Онуа
Последующие сведения об ответственности [пер. с фр. И.А. Сосфеновой
-- науч. ред. и предисл. д.ист.н. М.П. Айзенштат]
210 ## - ПУБЛИКАЦИЯ, РАСПРОСТРАНЕНИЕ И ДР.
Место издания, распространения и т.д. Москва
Имя издателя, распространителя и т. д. Молодая гвардия
Дата издания, распространения и т.д. 2007
215 ## - ФИЗИЧЕСКАЯ ХАРАКТЕРИСТИКА
Специфическое обозначение материала и объем 492, [3] с., [16] л. ил., портр.
Размеры 21
225 1# - СЕРИЯ
Основное заглавие серии Жизнь замечательных людей
Сведения, относящиеся к заглавию ЖЗЛ
-- cерия биографий
Сведения об ответственности основана в 1890 г. Ф. Павленковым и продолжена в 1933 г. М. Горьким
Обозначение тома Вып. 1232(1032)
320 ## - ПРИМЕЧАНИЯ О НАЛИЧИИ В ДОКУМЕНТЕ БИБЛИОГРАФИИ / УКАЗАТЕЛЯ
Текст примечания Библиогр. в конце кн.
600 #0 - ИМЯ ЛИЦА КАК ПРЕДМЕТ
Начальный элемент ввода Виктория
Дополнения к именам, кроме дат королева английская
Даты 1819 - 1901
Системный номер авторитетной/нормативной записи 1248649
Идентификатор авторитетной/нормативной записи RU\NLR\auth\66193875
610 0# - НЕКОНТРОЛИРУЕМЫЕ ПРЕДМЕТНЫЕ ТЕРМИНЫ
Предметный термин История. Исторические науки -- История зарубежных стран -- Великобритания -- Период капитализма (сер. 17 в.- ) -- Период расцвета промышленного капитализма и перехода к империализму (сер. 19-кон. 19 в.) -- Виктория (1819-1901) - королева Великобритании
686 ## - ИНДЕКСЫ ДРУГИХ КЛАССИФИКАЦИЙ
Индекс Т3(4Вл)53-8Виктория,02
Код системы
686 ## - ИНДЕКСЫ ДРУГИХ КЛАССИФИКАЦИЙ
Индекс Т3(4Вл)53-8
700 #1 - ИМЯ ЛИЦА - ПЕРВИЧНАЯ ОТВЕТСТВЕННОСТЬ
Код отношения Автор
Материалы, к которым относится поле rus
Графика поля Кириллица
Начальный элемент ввода Александр
Часть имени, кроме начального элемента ввода Ф.
Расширение инициалов личного имени Филипп
Идентификатор авторитетной/нормативной записи RU\NLR\auth\7752567
Системный номер авторитетной/нормативной записи 35500
701 #1 - ИМЯ ЛИЦА - АЛЬТЕРНАТИВНАЯ ОТВЕТСТВЕННОСТЬ
Код отношения Автор
Материалы, к которым относится поле rus
Графика поля Кириллица
Начальный элемент ввода Л'Онуа
Часть имени, кроме начального элемента ввода Б. де
Расширение инициалов личного имени Беатрис де
Идентификатор авторитетной/нормативной записи RU\NLR\auth\7752568
Системный номер авторитетной/нормативной записи 35501
702 #0 - ИМЯ ЛИЦА - ВТОРИЧНАЯ ОТВЕТСТВЕННОСТЬ
Код отношения Прочие
Материалы, к которым относится поле rus
Графика поля Кириллица
Начальный элемент ввода Виктория
Дополнения к именам, кроме дат королева английская
Даты 1819-1901
Идентификатор авторитетной/нормативной записи RU\NLR\AUTH\779552
Системный номер авторитетной/нормативной записи 119376
801 #0 - ИСТОЧНИК ЗАПИСИ
Страна Российская Федерация
Организация РКП
Дата составления 20070306
Правила каталогизации rcr
801 #1 - ИСТОЧНИК ЗАПИСИ
Страна Российская Федерация
Организация РГБ
Дата составления 20070306
801 #2 - ИСТОЧНИК ЗАПИСИ
Страна Российская Федерация
Организация NLR
Дата составления 20070412
Правила каталогизации rcr
942 ## - ДОПОЛНИТЕЛЬНЫЕ ЭЛЕМЕНТЫ ЗАПИСИ (АБИС)
Тип экземпляра АБИС Книга
980 ## - КОЛЛЕКЦИЯ
Название коллекции Национальная библиография
Экземпляры
Тип экземпляра Дата поступления Источник поступления Библиотека постоянного хранения Библиотека текущего хранения Место хранения Шифр хранения Штрих-код Статус экземпляра Стоимость
Книга 12.04.2007 Обязательный экземпляр РНБ (Московский) РНБ (Московский) Русский книжный фонд: издания с 1957 года 2007-3/11540 2410305    
Книга 12.04.2007 Обязательный экземпляр РНБ (Московский) РНБ (Московский) Русский книжный фонд: издания с 1957 года 2007-3/11540 2410306    
Книга 02.05.2007 Покупка РНБ (Московский) РНБ (Московский) Фонд общего зала социально-экономической литературы С1 Т3(4Вл)/А-462 1-470985   320.00
Книга 02.05.2007 Покупка РНБ (Садовая) РНБ (Садовая) Универсальный читальный зал У Т3(4Вл)/А-462 1-117851   320.00
Книга 02.05.2007 Покупка РНБ (Фонтанка) РНБ (Фонтанка) Юношеский читальный зал Ю Т3(4Вл)/А-46 1-179986   320.00